Ligue des Champions 2024 - 2025 : Team of the week J1 - Statistiques

Statistiques générales
  • Ce quiz a été pris 109 fois
  • Le résultat moyen est 6 sur 11
Statistiques - réponses
Poste Club Joueur % Correct
Gardien de but Real Madrid Thibault Courtois
100%
Avant centre Bayern Munich Harry Kane
90%
Avant centre Atletico Madrid Antoine Griezmann
89%
Défenseur gauche Paris Saint Germain Nuno Mendes
87%
Milieu offensif Bayer Leverkusen Florian Wirtz
84%
Défenseur droit Stade Brestois 29 Kenny Lala
61%
Milieu central Liverpool FC Ryan Gravenberch
45%
Milieu offensif Borussia Dortmund Jamie Bynoe-Gittens
30%
Milieu central Aston Villa Youri Tielemans
28%
Défenseur central Sparta Prague Filip Panák
1%
Défenseur central Shakhtar Donetsk Mykola Matviyenko
0%
Aucun quiz correspondant
Distribution des résultats
% des personnes avec chaque résultat
Percentile par nombre de réponses
Votre historique - résultats
Vous n’avez pas pris ce quiz